Battle Cats all those guys - Statistics

General Stats
  • This quiz has been taken 27 times
  • The average score is 4 of 14
Answer Stats
Answer % Correct
Those Guys
100%
The Thrillerz
58%
Cerberus Kids
50%
Trolly Blogger
46%
Omens
38%
Mr Angel
33%
Ms Sign
29%
Glowstick Guys
25%
Angel Fanboy
21%
Archangel Exiel
17%
Fireworks Guys High-Yield
4%
Fireworks Guys Low-Yield
4%
Hyper Mr
4%
Festival Sign Girl
0%
No matching quizzes found
Score Distribution
Percent of People with Each Score
Percentile by Number Answered
Your Score History
You have not taken this quiz